000 00782nam a2200265Ia 4500
001 Para_4481
003 CHAP
008 220125s1929 xx 000 0 und d
010 _a202962
040 _cCHAP
090 _aPA FOLLETO 1728
245 _aBoll weevil control by airplaine dusting /
_c F. L. Thomas [et.al.]
260 _aBryan, Texas :
_b Agricultural Experiment Station
300 _a40 p.
440 _aTexas Agri. Exp. Sta. Bull.; 394
_9168498
650 _aAnthonomus grandis Algodón
_x Plagas Control de plagas
_9168499
700 _aThomas, F. L.
_9112824
901 _aPA FOLLETO 1728
902 _aA
905 _a0000001929 BRY 0000000000 00
910 _a1929
942 _cPARA
942 _cPARA
_d1
999 _c202962
_d202962